000 00469nam a2200157 i 4500
001 59445
003 ES-MaACL
005 20230906164032.0
007 t|
008 031029s1945 sz ||||1| fre d
245 0 2 _aL'Enseignement de l'hygiène dans les écoles primaires et secondaires.
260 _aGenève :
_bBureau International d'Education,
_c1945.
300 _a167 p. ;
_c24 cm.
650 4 _aHigiene escolar.
_9147625
852 _aES-MaACL
_j1855-F-3
_bR.22028
999 _c59445
_d59445